Słowa po hiszpańsku - Statystyki

Ogólne statystyki
  • Ten quiz został rozwiązany 26 razy
  • Średni wynik to 9 z 31
Statystyki odpowiedzi
Po hiszpańsku Tłumaczenie % Poprawnych
luna ksiezyc
79%
qué co
71%
azúcar cukier
64%
claro jasny, jasne, oczywiscie
64%
carne mieso
64%
rápido szybki
57%
reloj zegar, zegarek
57%
huevo jajka, jajko
50%
tienda sklep
50%
maleta walizka
43%
plátano banan
36%
flor kwiaty, kwiat
36%
verano lato
36%
isla wyspa
36%
mar morze
29%
papel papier
29%
mariposa motyl
21%
dolor ból
14%
lago jezioro
14%
tarjeta karta
14%
menos mniej
14%
ayer wczoraj
14%
tierra ziemia
14%
llave klucz
7%
espejo lustro
7%
barco statek, łódź
7%
amargo gorzki, gorzko
0%
manta koc
0%
sangre krew
0%
creo mysle, wierze, sadze
0%
arena piasek
0%
Nie znaleziono quizów pasujących do podanych kryteriów
Rozkład punktacji
Procent ludzi z każdym wynikiem
Percentyl według liczby udzielonych odpowiedzi
Twoja historia wyników
Nie rozwiązałeś tego quizu